00900nam a22002177a 450000500170000001000150001702000280003203500140006003700130007408200130008710000280010024501370012825000060026526000670027127000940033830000280043270000520046094200240051299900190053695201270055520240521123119.0 aENG-140407 c1195.00 a9789392038310 aEN-123939 bDBAD/PUB a338.921 aBora Ashok Kumar966615 aResource Management and Livelihood issues/cEditors BY Ashok Kumar Bora (and) Dibyjyoti Saikia_bRegional and National Perspectives/ a1 aEBH Publisher (India)ban imprint of Easterm, Book Housec2023 a136, M.L. Nehru Road Panbazar GuwahatibAssam (India)e781001measternbookhouse@gmail.com axxii, 310p.;c24cm,(hb) aBora, Ashok Kumar (and) Dibyjyoti Saikia966429 2ddccENh338.9mRES c203084d203084 001040718REFaLbLd2024-05-21eDBADg1995.00l0o338.9 RESpEN-123939r2024-05-21 00:00:00t1v1995.00w2024-05-21yEN